[Event "Auburn Hills op"]
[Site "Auburn Hills"]
[Date "2004.04.18"]
[Round "5"]
[White "Kelly, James E"]
[Black "Li, Derek"]
[Result "1/2-1/2"]
[WhiteElo "1494"]
[BlackElo "1521"]
[PlyCount "55"]
[EventDate "2004.04.17"]
[EventType "swiss"]
[EventRounds "5"]
[EventCountry "USA"]
[SourceTitle "EXT 2008"]
[Source "ChessBase"]
[SourceDate "2007.11.25"]
[SourceVersion "1"]
[SourceVersionDate "2007.11.25"]
[SourceQuality "1"]

1. d4 Nf6 2. e3 g6 3. Bd3 Bg7 4. f4 d6 5. Nf3 0-0 6. 0-0 c5 7. c3 a6 8. Nbd2 Nc6 9. Ne4 Nxe4 10. Bxe4 d5 11. Bc2 c4 12. e4 Bg4 13. h3 Bxf3 14. Qxf3 dxe4 15. Bxe4 Rc8 16. Be3 e6 17. Rad1 f5 18. Bxc6 Rxc6 19. d5 exd5 20. Rxd5 Rd6 21. Rfd1 Rxd5 22. Qxd5+ Qxd5 23. Rxd5 Re8 24. Kf2 Re6 25. Rd7 b5 26. Bc5 h5 27. Rd8+ Kf7 28. Rd7+ 1/2-1/2

[Event "Auburn Hills op"]
[Site "Auburn Hills"]
[Date "2004.04.17"]
[Round "2"]
[White "Li, Derek"]
[Black "Hazzard, William"]
[Result "1-0"]
[WhiteElo "1521"]
[BlackElo "1589"]
[PlyCount "143"]
[EventDate "2004.04.17"]
[EventType "swiss"]
[EventRounds "5"]
[EventCountry "USA"]
[SourceTitle "EXT 2008"]
[Source "ChessBase"]
[SourceDate "2007.11.25"]
[SourceVersion "1"]
[SourceVersionDate "2007.11.25"]
[SourceQuality "1"]

1. e4 c5 2. Nf3 d6 3. d4 cxd4 4. Nxd4 Nf6 5. Nc3 e6 6. Be3 Be7 7. Be2 0-0 8. 0-0 Nbd7 9. f4 Nc5 10. Bd3 Nxd3 11. cxd3 a6 12. Qe1 Ng4 13. Kh1 Nxe3 14. Qxe3 b5 15. a3 Bb7 16. f5 e5 17. Nde2 Rc8 18. Qg3 Bf6 19. Qg4 d5 20. Ng3 d4 21. Nce2 Qe7 22. Nh5 Kh8 23. Neg3 Rg8 24. Nxf6 gxf6 25. Qh4 Rg5 26. Rac1 b4 27. Rxc8+ Bxc8 28. Qh6 bxa3 29. bxa3 a5 30. Nh5 Ba6 31. Nxf6 Rg7 32. Nh5 Qg5 33. Qxg7+ Qxg7 34. Nxg7 Bxd3 35. Rd1 Bxe4 36. f6 h6 37. Kg1 Kh7 38. Kf2 Kg6 39. Ne8 Bc6 40. Nd6 Kxf6 41. Re1 Ke6 42. Nc4 f6 43. Nxa5 Bd5 44. Rb1 e4 45. g3 e3+ 46. Ke2 Ke5 47. Rc1 Ke4 48. Nc4 d3+ 49. Kd1 Kd4 50. Nd2 e2+ 51. Ke1 Ke3 52. a4 h5 53. a5 f5 54. h4 f4 55. gxf4 Kxf4 56. Rb1 Kg3 57. Rb4 Bc6 58. a6 Ba8 59. a7 Bc6 60. Nc4 Kf3 61. Rb8 Kg3 62. a8Q Bxa8 63. Rxa8 Kxh4 64. Ne5 Kg3 65. Nxd3 Kf3 66. Nf2 h4 67. Rf8+ Ke3 68. Re8+ Kf3 69. Rxe2 Kg3 70. Re8 h3 71. Nxh3 Kxh3 72. Rg8 1-0

[Event "Motor City op"]
[Site "Warren"]
[Date "2002.11.29"]
[Round "1"]
[White "Li, Derek"]
[Black "O'Donnell, Robert"]
[Result "0-1"]
[WhiteElo "1434"]
[BlackElo "2165"]
[PlyCount "52"]
[EventDate "2002.11.29"]
[EventType "swiss"]
[EventRounds "7"]
[EventCountry "USA"]
[SourceTitle "EXT 2009"]
[Source "ChessBase"]
[SourceDate "2008.11.26"]
[SourceVersion "1"]
[SourceVersionDate "2008.11.26"]
[SourceQuality "1"]

1. e4 c5 2. Nf3 Nc6 3. d4 cxd4 4. Nxd4 Nf6 5. Nc3 d6 6. Bg5 e6 7. Be2 Be7 8. 0-0 a6 9. Qd2 Qc7 10. Rae1 0-0 11. Bd3 Nxd4 12. Bxa6 bxa6 13. Qxd4 Qc5 14. Qxc5 dxc5 15. f4 c4 16. Kh1 Bb4 17. Rf3 Bb7 18. Bxf6 gxf6 19. a3 Bc5 20. Rh3 Rad8 21. Na4 Ba7 22. Rc3 Bxe4 23. Rxc4 f5 24. Nc3 Ba8 25. b4 Rd2 26. Ne2 Bf2 0-1

[Event "Lansing op"]
[Site "Lansing"]
[Date "2002.09.01"]
[Round "5"]
[White "Clark, Richard I"]
[Black "Li, Derek"]
[Result "1-0"]
[WhiteElo "1213"]
[BlackElo "1305"]
[PlyCount "85"]
[EventDate "2002.08.30"]
[EventType "swiss"]
[EventRounds "7"]
[EventCountry "USA"]
[SourceTitle "EXT 2007"]
[Source "ChessBase"]
[SourceDate "2006.11.23"]
[SourceVersion "1"]
[SourceVersionDate "2006.11.23"]
[SourceQuality "1"]

1. g3 d5 2. Bg2 Nc6 3. e3 e5 4. Nc3 Nf6 5. d4 e4 6. Bh3 Bxh3 7. Nxh3 Be7 8. f4 Qd7 9. Nf2 h5 10. a3 0-0-0 11. Qe2 Rdg8 12. Bd2 g5 13. fxg5 Rxg5 14. 0-0-0 Bd6 15. Rdg1 Qe7 16. Nb5 a6 17. Nxd6+ Qxd6 18. Nh3 Rg7 19. Nf4 h4 20. g4 Rhg8 21. h3 Nd7 22. Rh2 f5 23. Rhg2 fxg4 24. Rxg4 Rxg4 25. Rxg4 Rh8 26. Qg2 Nb6 27. Rg6 Qe7 28. Kb1 Kb8 29. Ka2 Ka7 30. Rg7 Qd6 31. Be1 Rh6 32. Qg4 Qd8 33. Rg5 Nc4 34. Bf2 Qf6 35. Rxd5 Ne7 36. Rc5 Nd2 37. Rxc7 Qd6 38. Rc3 Nf3 39. Qg7 Nf5 40. Qg8 N5xd4 41. exd4 Nxd4 42. Be3 b6 43. Qg7+ 1-0

[Event "Lansing op"]
[Site "Lansing"]
[Date "2002.08.31"]
[Round "3"]
[White "Thach, Scott"]
[Black "Li, Derek"]
[Result "0-1"]
[WhiteElo "1141"]
[BlackElo "1305"]
[PlyCount "122"]
[EventDate "2002.08.30"]
[EventType "swiss"]
[EventRounds "7"]
[EventCountry "USA"]
[SourceTitle "EXT 2007"]
[Source "ChessBase"]
[SourceDate "2006.11.23"]
[SourceVersion "1"]
[SourceVersionDate "2006.11.23"]
[SourceQuality "1"]

1. e4 c5 2. c3 Nf6 3. e5 Nd5 4. Nf3 Nc6 5. d4 cxd4 6. cxd4 e6 7. a3 Be7 8. Bd2 Qb6 9. Bc1 0-0 10. Be2 f6 11. Nc3 Nxc3 12. bxc3 fxe5 13. dxe5 Qc7 14. Bg5 Bxg5 15. Nxg5 Nxe5 16. Qc2 g6 17. h4 Qc5 18. f3 d5 19. h5 Qd6 20. hxg6 hxg6 21. Rh3 Rf5 22. Qd2 Qc7 23. 0-0-0 Rxg5 24. Rdh1 Rh5 25. Rxh5 gxh5 26. Rxh5 Ng6 27. Kc2 Qf4 28. Qd3 Qf6 29. g3 Ne5 30. Qh7+ Kf8 31. g4 Qg6+ 32. Qxg6 Nxg6 33. Rh7 Kg8 34. Rc7 Ne5 35. Bd1 Nf7 36. f4 Kg7 37. g5 Kg6 38. Kd3 e5 39. Ke3 exf4+ 40. Kxf4 Nxg5 41. Bc2+ Kf6 42. Bb3 Ne6+ 43. Ke3 Nxc7 44. Kd4 Bh3 45. Bxd5 Nxd5 46. Kxd5 Rc8 47. Kd4 Ke6 48. c4 b6 49. a4 Bf1 50. Kc3 Rxc4+ 51. Kb3 Kd5 52. Ka3 a5 53. Kb3 Kd4 54. Ka3 Rb4 55. Ka2 Kc3 56. Ka3 Be2 57. Ka2 Bd1 58. Ka1 Bxa4 59. Ka2 Be8 60. Ka1 Kc2 61. Ka2 Ra4# 0-1

[Event "Flint Summer Scholastic op"]
[Site "Flint"]
[Date "2002.08.03"]
[Round "3"]
[White "Li, Derek"]
[Black "Hochstadt, Jeff"]
[Result "1-0"]
[WhiteElo "1305"]
[BlackElo "830"]
[PlyCount "131"]
[EventDate "2002.08.03"]
[EventType "swiss"]
[EventRounds "5"]
[EventCountry "USA"]
[SourceTitle "EXT 2009"]
[Source "ChessBase"]
[SourceDate "2008.11.26"]
[SourceVersion "1"]
[SourceVersionDate "2008.11.26"]
[SourceQuality "1"]

1. e4 e5 2. Nf3 Nc6 3. Bc4 Nf6 4. Ng5 d5 5. exd5 Nxd5 6. Qf3 Be6 7. Nxe6 fxe6 8. Nc3 Nce7 9. Bxd5 Nxd5 10. Qh5+ g6 11. Qxe5 Qf6 12. Qxf6 Nxf6 13. 0-0 0-0-0 14. b3 Nd5 15. Bb2 Bg7 16. Nxd5 Bxb2 17. Rab1 Rxd5 18. Rxb2 Rxd2 19. Re1 a6 20. h3 Re8 21. Kf1 Rf8 22. Re2 Rfd8 23. Rxe6 Rd1+ 24. Re1 Rxe1+ 25. Kxe1 Kd7 26. c4 Kc6 27. Rd2 Re8+ 28. Re2 Rxe2+ 29. Kxe2 Kc5 30. Kd3 b5 31. cxb5 axb5 32. a3 Kd5 33. a4 c6 34. a5 Kc5 35. Kc3 b4+ 36. Kd3 Kb5 37. Kd4 Kxa5 38. Kc5 Ka6 39. Kxc6 Ka5 40. Kc5 h6 41. g4 g5 42. f3 Ka6 43. Kxb4 Kb6 44. Kc4 Kc6 45. Kd4 Kd6 46. Ke4 Ke6 47. b4 Kf6 48. b5 Ke6 49. b6 Kd6 50. Kf5 Kc6 51. Kg6 Kxb6 52. Kxh6 Kc6 53. Kxg5 Kd6 54. h4 Ke6 55. Kg6 Ke7 56. Kg7 Ke6 57. h5 Ke5 58. h6 Kf4 59. h7 Kg3 60. h8Q Kxf3 61. Kf6 Kg3 62. Kf5 Kg2 63. Kf4 Kf2 64. Qh2+ Ke1 65. Ke3 Kd1 66. Qd2# 1-0

[Event "Flint Summer Scholastic op"]
[Site "Flint"]
[Date "2002.08.03"]
[Round "5"]
[White "Li, Derek"]
[Black "Thach, Scott"]
[Result "1-0"]
[WhiteElo "1305"]
[BlackElo "1141"]
[PlyCount "62"]
[EventDate "2002.08.03"]
[EventType "swiss"]
[EventRounds "5"]
[EventCountry "USA"]
[SourceTitle "EXT 2009"]
[Source "ChessBase"]
[SourceDate "2008.11.26"]
[SourceVersion "1"]
[SourceVersionDate "2008.11.26"]
[SourceQuality "1"]

1. e4 e6 2. d4 b6 3. Nc3 Bb7 4. Nf3 Bb4 5. Bd3 Bxc3+ 6. bxc3 Nf6 7. Bg5 0-0 8. e5 h6 9. exf6 hxg5 10. fxg7 Kxg7 11. Qd2 f6 12. h4 g4 13. Nh2 f5 14. h5 Rh8 15. Nf1 Bxg2 16. Rh2 Bb7 17. h6+ Kg6 18. Qf4 d6 19. Qxg4+ Qg5 20. Qxg5+ Kxg5 21. Bc4 d5 22. Bd3 Rxh6 23. Rxh6 Kxh6 24. c4 Nd7 25. cxd5 Bxd5 26. Ne3 c6 27. Ke2 Kg5 28. f3 Kf4 29. Rf1 Rg8 30. c4 c5 31. cxd5 Re8 1-0